| 000 | 00727nam a2200217 a 4500 | ||
|---|---|---|---|
| 999 |
_c7978 _d7978 |
||
| 001 | 7978 | ||
| 003 | BD-JhCC | ||
| 005 | 20180217104824.0 | ||
| 008 | 180217b1977 bg |||| ||a| 001 0 ben d | ||
| 035 | _a(BD-JhCC)7978 | ||
| 040 |
_aBD-JhCC _dBD-JhCC |
||
| 041 | _aben | ||
| 082 |
_a891.4409 _bISL 1977 |
||
| 100 | _aইসলাম, মুস্তাফা নূরউল | ||
| 245 |
_aসাময়িকপত্রে জীবন ও জনমত ১৯০১-১৯৩০ / _cমুস্তাফা নূরউল ইসলাম |
||
| 260 |
_aঢাকা : _bবাংলা একাডেমী. _c1977. |
||
| 300 |
_a466 p. : _c22 cm. |
||
| 650 | _aBengali Literature | ||
| 942 |
_2ddc _cBK |
||